000 00634nam a22002297a 4500
003 UA-OsUOA
001 92492
007 ta
008 20121219b un ||||| |||| 00| 0 ukr d
100 _aАсанов Н.
090 _a821.161.2
_bА90
942 _cBK
040 _aUA-OsUOA
_brus
_cUA-OsUOA
_dUA-OsUOA
245 _aСвет в затемненном мире
_bповести и рассказы
300 _a286 с.
955 _a3
041 _arus
080 _a821.161.2
260 _aМ.
_bВоениздат
_c1964
650 7 _a82 Література. Літературознавство
_2UDC
999 _c378736
_d378736